• 首页
  • 本馆介绍
  • 公告通知
  • 最新文献
  • 馆藏检索
  • 电子资源
  • 读者导购
  • 参考咨询
  • 我的图书馆
  • 登录
  • 详细信息显示
  • 放入我的书架
  • 预约/预借图书
  • 作者相关作品
  • 分类相关作品
  • 丛书相关作品
  • 出版社相关作品

书目信息

  • 表格格式
  • 工作单格式
  • 卡片格式
题名:
维吾尔族民间手工艺图案
    
 
作者: ;中国美术家协会新疆分会 编
分册:  
出版信息: 乌鲁木齐   新疆美术摄影出版社  2013.11
页数: 258页
开本: 24cm
丛书名: 新疆艺术研究
单 册:
中图分类: J522.8
科图分类:
主题词: 维吾尔族--民间工艺--图案--新疆 , 维吾尔族 , 民间工艺 , 图案
电子资源:
ISBN: 978-7-5469-4675-7
000 01042oam2 2200325 450
001 0120141260690
005 20140612095059.59
010    @a978-7-5469-4675-7@dCNY198.00
100    @a20140424d2013 em y0chiy0110 ea
101 0  @achi
102    @aCN@b650000
105    @aa z 000yy
106    @ar
200 1  @a维吾尔族民间手工艺图案@9wei wu er zu min jian shou gong yi tu an@f中国美术家协会新疆分会编
210    @a乌鲁木齐@c新疆美术摄影出版社@d2013.11
215    @a258页@d24cm
225 2  @a新疆艺术研究@i民间美术卷
300    @a国家出版基金项目
308    @a丛书第一辑
330    @a本书主要内容包括:服饰图案、地毯图案、手工艺图案、建筑图案共四部分。
333    @a美术爱好者
462  0 @12001 @a新疆艺术研究@i民间美术卷
606 0  @a维吾尔族@x民间工艺@x图案@y新疆
606 0  @a维吾尔族
606 0  @a民间工艺
606 0  @a图案
690    @aJ522.8@v5
711 02 @a中国美术家协会新疆分会@9zhong guo mei shu jia xie hui xin jiang fen hui@4编
801  0 @aCN@b人天书店@c20140424
905    @b549097-99@dJ522.8@e360@f3
    
    维吾尔族民间手工艺图案/中国美术家协会新疆分会编.-乌鲁木齐:新疆美术摄影出版社,2013.11
    258页;24cm.-(新疆艺术研究.民间美术卷)
    国家出版基金项目.-使用对象:美术爱好者
    
    ISBN 978-7-5469-4675-7:CNY198.00
    本书主要内容包括:服饰图案、地毯图案、手工艺图案、建筑图案共四部分。
●
相关链接 在E读中查询图书 在五车中查询图书 在当当中查询图书 在豆瓣中查询图书


正题名:维吾尔族民间手工艺图案     索取号:J522.8/360         预约/预借

序号 登录号 条形码 馆藏地/架位号 状态 备注
1 549097   205490976   第一样本阅览室/ [索取号:J522.8/360] 在馆    
2 549098   205490985   第一借阅区/ [索取号:J522.8/360] 在馆    
3 549099   205490994   第一借阅区/ [索取号:J522.8/360] 在馆    
唐山师范学院图书馆 欢迎您!
大连网信软件有限公司© 版权所有